| 000 | 00786nam a2200241 i 4500 | ||
|---|---|---|---|
| 001 | 61451 | ||
| 003 | ES-MaACL | ||
| 005 | 20231229063015.0 | ||
| 007 | t| | ||
| 008 | 031112s1974 sp af |||| | spa d | ||
| 020 | _a84-7133-075-X | ||
| 080 | _a821.134.4.09(084.12) | ||
| 100 | 1 |
_aFabra Barreiro, Gustavo, _d1945-1975 _948526 |
|
| 245 | 1 | 0 |
_aLiteratura gallega / _cGustavo Fabra Barreiro. |
| 260 |
_a[Madrid] : _bLa Muralla, _c[1974] |
||
| 300 |
_a64 p. ; _c23 cm + _e60 diapositivas. |
||
| 490 | 1 |
_aLiteratura española en imágenes ; _v32 |
|
| 650 | 4 |
_aLiteratura gallega- _xHistoria y crítica. _914596 |
|
| 650 | 4 |
_aDiapositivas. _9163225 |
|
| 830 | 0 |
_aLiteratura española en imágenes ; _v32 _9230599 |
|
| 852 |
_aES-MaACL _jC-56489 |
||
| 999 |
_c61451 _d61451 |
||